Ultimate Frisbee Terms - Statistics

General Stats
  • This quiz has been taken 29 times
  • The average score is 6 of 7
Answer Stats
Hint Answer % Correct
Person that normally throws Handler
91%
Dive Bid/Layout
87%
Throw deep Huck
87%
Interception for a score Callahan
78%
Cutters forming a vertical line Vertical Stack
78%
Throw backwards/sideways to person above Dump/Reset
70%
A score Touchdown
61%
No matching quizzes found
Score Distribution
Percent of People with Each Score
Percentile by Number Answered
Your Score History
You have not taken this quiz